[Event "Liffre op"]
[Site "Liffre"]
[Date "2016.10.23"]
[Round "2"]
[White "Francois, Adrien"]
[Black "Aubry, Youri"]
[Result "0-1"]
[WhiteElo "1907"]
[BlackElo "1762"]
[PlyCount "70"]
[EventDate "2016.10.22"]
[EventType "swiss"]
[EventRounds "9"]
[EventCountry "FRA"]
[SourceTitle "CBM 175 Extra"]
[Source "ChessBase"]
[SourceDate "2016.12.12"]
[SourceVersion "1"]
[SourceVersionDate "2016.12.12"]
[SourceQuality "1"]

1. d4 Nf6 2. Bf4 d6 3. Nc3 g6 4. Qd2 Bf5 5. f3 d5 6. g4 Bd7 7. 0-0-0 c6 8. Be5 Bg7 9. h4 h6 10. Bh3 Na6 11. g5 Nh5 12. Bxd7+ Qxd7 13. Bxg7 Nxg7 14. gxh6 Nf5 15. e4 dxe4 16. fxe4 Nxh6 17. Nf3 0-0-0 18. h5 gxh5 19. Ne5 Qe8 20. Rxh5 f6 21. Rxh6 fxe5 22. Rxh8 Qxh8 23. d5 Rd6 24. Qf2 Kb8 25. Qf7 Qf6 26. Rf1 Qg5+ 27. Kb1 Nc5 28. b4 Nd7 29. Qe8+ Kc7 30. dxc6 bxc6 31. Qa8 Qe3 32. Nd1 Qd4 33. Nb2 Nb8 34. a3 Rd8 35. Rf7 Nd7 0-1

[Event "FRA-ch U14"]
[Site "Gonfreville"]
[Date "2016.04.11"]
[Round "2.8"]
[White "Aubry, Youri"]
[Black "Tomasi, Albert"]
[Result "0-1"]
[WhiteElo "1798"]
[BlackElo "2212"]
[PlyCount "199"]
[EventDate "2016.04.22"]
[EventType "swiss"]
[EventRounds "9"]
[EventCountry "FRA"]
[SourceTitle "EXT 2019"]
[Source "ChessBase"]
[SourceDate "2018.10.10"]
[SourceVersion "1"]
[SourceVersionDate "2018.10.10"]
[SourceQuality "1"]

1. c4 e5 2. Nc3 Nf6 3. g3 d5 4. cxd5 Nxd5 5. Bg2 Nb6 6. Nf3 Nc6 7. 0-0 Be7 8. a3 0-0 9. b4 Be6 10. d3 a5 11. b5 Nd4 12. Rb1 Nxf3+ 13. Bxf3 Rb8 14. Qc2 f5 15. Na4 Nxa4 16. Qxa4 b6 17. Bb2 Bd6 18. Qc2 Qg5 19. Qc6 Rbe8 20. Bc1 f4 21. Bd5 Kh8 22. Bxe6 Rxe6 23. Qg2 Bc5 24. gxf4 Qh4 25. Kh1 exf4 26. Bb2 Rg6 27. Qf3 Rh6 28. Qg2 Rf7 29. Rg1 Bf8 30. Rbc1 f3 31. exf3 Rg6 32. Qf1 Bd6 33. Rg2 Rxf3 34. Rc4 Qh3 35. Re4 h6 36. Be5 Bxe5 37. Rxe5 Qxg2+ 38. Qxg2 Rxg2 39. Kxg2 Rxd3 40. Re3 Rd5 41. Rc3 Rxb5 42. Rxc7 Kh7 43. a4 Rb4 44. Rc6 h5 45. Kg3 g6 46. h4 Kh6 47. Kh3 Rb3+ 48. Kg2 Kg7 49. Rd6 Kf7 50. Rc6 Rb4 51. Kg3 Rg4+ 52. Kh3 Rb4 53. Kg3 Rb1 54. Kh3 Rh1+ 55. Kg3 Rg1+ 56. Kh3 Rb1 57. Kg3 b5 58. axb5 Rxb5 59. Ra6 Rb3+ 60. f3 Rb5 61. Kh3 g5 62. hxg5 Rxg5 63. Kh4 Rf5 64. Kg3 Ke7 65. f4 Kd7 66. Kf3 Rb5 67. Ke4 Ke7 68. f5 h4 69. Rh6 a4 70. Kd4 a3 71. Kc4 a2 72. Kxb5 a1Q 73. Rxh4 Qe5+ 74. Ka4 Qa1+ 75. Kb5 Qe5+ 76. Ka4 Qxf5 77. Rc4 Kd6 78. Kb4 Qb1+ 79. Kc3 Kd5 80. Rd4+ Kc5 81. Rc4+ Kb5 82. Rd4 Qf1 83. Rd3 Kc5 84. Rd2 Qc4+ 85. Kb2 Kb4 86. Kb1 Ka3 87. Rc2 Qf1+ 88. Rc1 Qe2 89. Rc3+ Kb4 90. Rc2 Qd1+ 91. Rc1 Qb3+ 92. Ka1 Ka3 93. Rc2 Qh3 94. Ra2+ Kb3 95. Rb2+ Kc3 96. Ka2 Qe6+ 97. Kb1 Qe1+ 98. Ka2 Qd1 99. Ka3 Qc1 100. Ka2 0-1